[Event "WTch-U16"]
[Site "Gyor HUN"]
[Date "2014.12.14"]
[Round "3.13"]
[White "Nikitenko, Mihail"]
[Black "Plotkin, Mark"]
[Result "1-0"]
[WhiteElo "2379"]
[BlackElo "2128"]
[PlyCount "49"]
[EventDate "2014.12.13"]
[EventType "team"]
[EventRounds "10"]
[EventCountry "HUN"]
[Source "Mark Crowther"]
[SourceDate "2014.12.15"]
[WhiteTeam "Belarus"]
[BlackTeam "Canada 2"]
[WhiteTeamCountry "BLR"]

1. e4 c5 2. Nf3 e6 3. d4 cxd4 4. Nxd4 Nf6 5. Nc3 Bb4 6. e5 Nd5 7. Bd2 Nxc3 8.
bxc3 Be7 9. Qg4 g6 10. Qg3 Nc6 11. h4 h5 12. Bd3 d6 13. Nxc6 bxc6 14. Bxg6 d5
15. Bd3 Kd7 16. c4 Qg8 17. cxd5 exd5 18. Bg5 Ke8 19. Qf4 Be6 20. Rb1 Bxg5 21.
hxg5 Qg7 22. Rb7 Kf8 23. g6 Qh6 24. Rxf7+ Kg8 25. Qxh6 1-0

[Event "WTch-U16"]
[Site "Gyor HUN"]
[Date "2014.12.16"]
[Round "5.9"]
[White "Plotkin, Mark"]
[Black "Tomczak, Mikolaj"]
[Result "1/2-1/2"]
[WhiteElo "2128"]
[BlackElo "2266"]
[PlyCount "87"]
[EventDate "2014.12.13"]
[EventType "team"]
[EventRounds "10"]
[EventCountry "HUN"]
[Source "Mark Crowther"]
[SourceDate "2014.12.22"]
[WhiteTeam "Canada 2"]
[BlackTeam "Poland 1"]

1. e4 c5 2. c3 d5 3. exd5 Qxd5 4. Nf3 Nf6 5. d4 e6 6. Be2 Nc6 7. O-O cxd4 8.
cxd4 Be7 9. Nc3 Qd6 10. h3 O-O 11. Be3 b6 12. Qd2 Bb7 13. Rac1 Rac8 14. Rfd1
Qb8 15. Bg5 Rfd8 16. Qf4 Qxf4 17. Bxf4 h6 18. Kf1 Kf8 19. Be3 Nb4 20. a3 Nbd5
21. Nxd5 Nxd5 22. Bd2 Bd6 23. Ne5 Ne7 24. Bh5 Rxc1 25. Bxc1 f6 26. Nf7 Rd7 27.
Nxd6 Rxd6 28. Be3 Rd5 29. Bf3 Rd7 30. Bh5 Rc7 31. Rc1 Rxc1+ 32. Bxc1 Nf5 33.
Be3 Ke7 34. g3 Nxe3+ 35. fxe3 Kd6 36. Ke2 e5 37. h4 Be4 38. Bf7 g5 39. Kd2 gxh4
40. gxh4 f5 41. dxe5+ Kxe5 42. Ke2 f4 43. Kf2 Kf5 44. Bh5 1/2-1/2

[Event "WTch-U16"]
[Site "Gyor HUN"]
[Date "2014.12.18"]
[Round "6.13"]
[White "Plotkin, Mark"]
[Black "McGovern Leahy, Cian"]
[Result "1/2-1/2"]
[WhiteElo "2128"]
[BlackElo "1929"]
[PlyCount "113"]
[EventDate "2014.12.13"]
[EventType "team"]
[EventRounds "10"]
[EventCountry "HUN"]
[Source "Mark Crowther"]
[SourceDate "2014.12.22"]
[WhiteTeam "Canada 2"]
[BlackTeam "Ireland"]
[BlackTeamCountry "IRL"]

1. e4 e5 2. Nf3 Nc6 3. Nc3 Nf6 4. d4 exd4 5. Nxd4 Bb4 6. Nxc6 bxc6 7. Bd3 d5 8.
exd5 cxd5 9. O-O O-O 10. Bg5 c6 11. h3 Bd6 12. Qf3 Rb8 13. Rab1 h6 14. Bf4 Re8
15. Ne2 c5 16. c3 Bb7 17. Bxd6 Qxd6 18. Qg3 Qb6 19. Nf4 Ba6 20. b4 c4 21. Bc2
d4 22. cxd4 Qxd4 23. Ba4 Bb5 24. Rfd1 Qe5 25. Bxb5 Rxb5 26. a4 Rb6 27. Qf3 Reb8
28. Nd5 Rd6 29. Nxf6+ Rxf6 30. Qg3 Qxg3 31. fxg3 Rfb6 32. b5 a6 33. Rd5 axb5
34. axb5 c3 35. Rc5 c2 36. Rxc2 Rxb5 37. Rf1 Rb1 38. Rc8+ Rxc8 39. Rxb1 h5 40.
Rb3 Rc2 41. Rb4 g6 42. g4 hxg4 43. Rxg4 Kg7 44. Kh2 f5 45. Ra4 Rc3 46. Kg1 Rc2
47. Ra3 Kf6 48. Kh2 Kg5 49. Kg3 Rc4 50. Ra5 Rc3+ 51. Kh2 Rb3 52. Ra4 Rb2 53.
h4+ Kh5 54. Kh3 g5 55. Ra5 Rb3+ 56. Kh2 gxh4 57. Rxf5+ 1/2-1/2

[Event "WTch-U16"]
[Site "Gyor HUN"]
[Date "2014.12.18"]
[Round "7.10"]
[White "Schroeder, Ja"]
[Black "Plotkin, Mark"]
[Result "1-0"]
[WhiteElo "2390"]
[BlackElo "2128"]
[PlyCount "95"]
[EventDate "2014.12.13"]
[EventType "team"]
[EventRounds "10"]
[EventCountry "HUN"]
[Source "Mark Crowther"]
[SourceDate "2014.12.22"]
[WhiteTeam "Germany"]
[BlackTeam "Canada 2"]
[WhiteTeamCountry "GER"]

1. Nf3 Nf6 2. d4 e6 3. e3 c5 4. c4 Be7 5. Nc3 O-O 6. Bd3 d6 7. O-O Nbd7 8. h3
b6 9. d5 e5 10. Nd2 Ne8 11. Qc2 g6 12. a3 f5 13. f4 Ng7 14. b4 a6 15. Bb2 Bf6
16. Nb3 Nh5 17. Qd2 e4 18. Be2 Ng3 19. Rfb1 g5 20. Kh2 gxf4 21. exf4 Bh4 22.
Bf1 Nf6 23. Ne2 Nfh5 24. Kg1 Qe8 25. Qe3 Qg6 26. Nbc1 Kf7 27. Nxg3 Bxg3 28. Ne2
Rg8 29. Bc3 Qh6 30. Bd2 Qf6 31. bxc5 bxc5 32. Ra2 Qh4 33. Rb6 Ke7 34. Rab2 Bd7
35. R2b3 Rg6 36. Nxg3 Nxg3 37. Be1 Rag8 38. Rxa6 Qh6 39. Qf2 Qg7 40. Rb7 Qa1
41. Raa7 Rd8 42. Ba5 Nxf1 43. Bxd8+ Ke8 44. Qxf1 Qd4+ 45. Kh1 Bc8 46. Rf7 e3
47. Ba5 Qe4 48. Rae7+ 1-0

[Event "WTch-U16"]
[Site "Gyor HUN"]
[Date "2014.12.19"]
[Round "8.15"]
[White "Plotkin, Mark"]
[Black "Mesaros, Florian"]
[Result "1/2-1/2"]
[WhiteElo "2128"]
[BlackElo "2370"]
[PlyCount "95"]
[EventDate "2014.12.13"]
[EventType "team"]
[EventRounds "10"]
[EventCountry "HUN"]
[Source "Mark Crowther"]
[SourceDate "2014.12.22"]
[WhiteTeam "Canada 2"]
[BlackTeam "Austria"]
[BlackTeamCountry "AUT"]

1. e4 c5 2. c3 d5 3. exd5 Qxd5 4. d4 Nf6 5. Nf3 e6 6. Bd3 Be7 7. O-O O-O 8. Na3
Nc6 9. Nc4 cxd4 10. cxd4 b6 11. Be3 Bb7 12. Rc1 Rfd8 13. Qe2 Rac8 14. Rfd1 Qh5
15. Nfe5 Qxe2 16. Bxe2 Nb4 17. a3 Nbd5 18. Bf3 Ba6 19. Nd2 Bd6 20. Nf1 h6 21.
g3 Ne7 22. Nc6 Nxc6 23. Rxc6 Rxc6 24. Bxc6 Bc4 25. Rc1 Bd5 26. Bxd5 Nxd5 27.
Kg2 f6 28. Nd2 Kf7 29. Ne4 Be7 30. Kf3 g5 31. Nc3 Nxc3 32. Rxc3 Rd7 33. Rc8 f5
34. h4 Bf6 35. hxg5 hxg5 36. Ke2 Ke7 37. Ra8 Kd6 38. Rf8 Bg7 39. Rc8 g4 40. Kd3
Kd5 41. a4 Bf6 42. b4 Kd6 43. b5 Ke7 44. Kc4 Kf7 45. Rc6 Bg7 46. Rc8 Bf6 47.
Rc6 Bg7 48. Rc8 1/2-1/2

[Event "WTch-U16"]
[Site "Gyor HUN"]
[Date "2014.12.20"]
[Round "9.16"]
[White "Holtman, Teodor"]
[Black "Plotkin, Mark"]
[Result "0-1"]
[WhiteElo "2058"]
[BlackElo "2128"]
[PlyCount "60"]
[EventDate "2014.12.13"]
[EventType "team"]
[EventRounds "10"]
[EventCountry "HUN"]
[Source "Mark Crowther"]
[SourceDate "2014.12.22"]
[WhiteTeam "Slovakia East"]
[BlackTeam "Canada 2"]

1. e4 e5 2. Nf3 Nf6 3. Nxe5 d6 4. Nf3 Nxe4 5. Bd3 Nc5 6. Be2 Be7 7. d4 Ne4 8.
c4 d5 9. O-O O-O 10. Nc3 Nxc3 11. bxc3 dxc4 12. Bxc4 Bg4 13. Qd3 Nc6 14. Qe4
Bh5 15. Bb5 Bg6 16. Qe2 Bf6 17. Bxc6 bxc6 18. Qa6 c5 19. Ba3 Re8 20. Bxc5 Qd5
21. Rfe1 Be4 22. Re3 Re6 23. Qe2 Rae8 24. Re1 Qf5 25. h3 Qg6 26. Bxa7 Bd8 27.
g3 f5 28. Ne5 Qh6 29. Kh2 Qxh3+ 30. Kxh3 Rh6+ 0-1

[Event "WTch-U16"]
[Site "Gyor HUN"]
[Date "2014.12.21"]
[Round "10.13"]
[White "Plotkin, Mark"]
[Black "Zhou, Jiangnan"]
[Result "1/2-1/2"]
[WhiteElo "2128"]
[BlackElo "2100"]
[PlyCount "54"]
[EventDate "2014.12.13"]
[EventType "team"]
[EventRounds "10"]
[EventCountry "HUN"]
[Source "Mark Crowther"]
[SourceDate "2014.12.22"]
[WhiteTeam "Canada 2"]
[BlackTeam "China"]
[BlackTeamCountry "CHN"]

1. e4 c5 2. c3 d5 3. exd5 Qxd5 4. d4 Nf6 5. Nf3 e6 6. Be3 a6 7. dxc5 Qxd1+ 8.
Kxd1 Nd5 9. Bd4 Nd7 10. c4 Nb4 11. a3 Nc6 12. Be3 Bxc5 13. Bxc5 Nxc5 14. b4 Ne4
15. Ke1 O-O 16. Bd3 Nf6 17. Nc3 Nh5 18. Ne4 f5 19. Nd6 Nf4 20. Bf1 e5 21. g3
Ne6 22. c5 Kh8 23. Bc4 Rf6 24. Ne8 Rf8 25. Nd6 Rf6 26. Ne8 Rf8 27. Nd6 Rf6
1/2-1/2

[Event "Aurora Fall op"]
[Site "Aurora CAN"]
[Date "2014.10.04"]
[Round "1.4"]
[White "Wiebe, Daniel"]
[Black "Plotkin, Mark"]
[Result "0-1"]
[WhiteElo "1868"]
[BlackElo "2019"]
[PlyCount "86"]
[EventDate "2014.10.04"]
[EventType "swiss"]
[EventRounds "5"]
[EventCountry "CAN"]

1. e4 c5 2. c3 Nf6 3. e5 Nd5 4. d4 cxd4 5. Nf3 Nc6 6. Bc4 Nb6 7. Bb3 d5 8. exd6
Qxd6 9. cxd4 Bf5 10. O-O e6 11. Nc3 Be7 12. Qe2 O-O 13. Rd1 Nb4 14. Ne5 N4d5
15. Ne4 Qc7 16. Bd2 Rad8 17. Rac1 Qb8 18. Nc5 Rfe8 19. a4 f6 20. Nf3 Bd6 21. a5
Na8 22. Nh4 Kh8 23. Nxf5 exf5 24. Qf3 Nf4 25. Be3 g5 26. h3 Nc7 27. g3 b6 28.
Nb7 Ne2+ 29. Kg2 Nxc1 30. Nxd8 Qxd8 31. Rxc1 Qd7 32. axb6 axb6 33. Qh5 Bxg3 34.
Kxg3 f4+ 35. Kg2 Nb5 36. Bd2 Nxd4 37. Rc7 Qxc7 38. Qxe8+ Kg7 39. Qg8+ Kh6 40.
Qf8+ Kg6 41. Bf7+ Qxf7 42. Qd6 Qb7+ 43. Kf1 Qh1# 0-1

[Event "Aurora Fall op"]
[Site "Aurora CAN"]
[Date "2014.10.04"]
[Round "2.1"]
[White "Plotkin, Mark"]
[Black "Sambuev, Bator"]
[Result "0-1"]
[WhiteElo "2019"]
[BlackElo "2562"]
[PlyCount "58"]
[EventDate "2014.10.04"]
[EventType "swiss"]
[EventRounds "5"]
[EventCountry "CAN"]

1. e4 e6 2. d4 d5 3. Nc3 Bb4 4. Qd3 Ne7 5. a3 Bxc3+ 6. bxc3 b6 7. Qg3 O-O 8. e5
Ba6 9. Bg5 Bxf1 10. Kxf1 Nd7 11. Bxe7 Qxe7 12. f4 f6 13. Nf3 fxe5 14. fxe5 c5
15. Ke2 cxd4 16. cxd4 Rac8 17. Ne1 Qf7 18. Rd1 Qh5+ 19. Kd2 b5 20. Kc1 Nb6 21.
Nd3 Na4 22. Qe3 Rc3 23. Rhf1 Rfc8 24. Rf2 Qe8 25. Rdf1 Qe7 26. Kb1 Rxa3 27. Kc1
Ra2 28. Nf4 Qb4 29. Kd1 Nc3+ 0-1

[Event "Aurora Fall op"]
[Site "Aurora CAN"]
[Date "2014.10.04"]
[Round "3.4"]
[White "Plotkin, Mark"]
[Black "Hua, Eugene"]
[Result "1-0"]
[WhiteElo "2019"]
[BlackElo "1796"]
[PlyCount "79"]
[EventDate "2014.10.04"]
[EventType "swiss"]
[EventRounds "5"]
[EventCountry "CAN"]

1. e4 d5 2. exd5 Qxd5 3. Nf3 Nf6 4. Nc3 Qd6 5. d4 c6 6. Ne5 Be6 7. Bf4 Qd8 8.
Be2 g6 9. Qd2 Nbd7 10. Bf3 Nxe5 11. Bxe5 Bg7 12. O-O-O h5 13. Kb1 Bd5 14. Nxd5
cxd5 15. h3 h4 16. c4 e6 17. cxd5 exd5 18. Qb4 Qb6 19. Qa3 Qa6 20. Bxf6 Qxa3
21. Bxg7 Qa5 22. Bxh8 Kf8 23. Rhe1 Rc8 24. Bf6 Rc6 25. Bxh4 Ra6 26. a3 Rc6 27.
Bg5 Kg7 28. Bd2 Qb5 29. Re3 Rb6 30. Bc1 Qc4 31. h4 Qa4 32. h5 g5 33. Re5 Qxa3
34. Rxg5+ Kh8 35. Rxd5 Qe7 36. Rc5 Qd7 37. Rd3 Ra6 38. h6 f5 39. Rdc3 Rc6 40.
Bxc6 1-0

[Event "Aurora Fall op"]
[Site "Aurora CAN"]
[Date "2014.10.04"]
[Round "4.2"]
[White "Yu, Jonathan"]
[Black "Plotkin, Mark"]
[Result "0-1"]
[WhiteElo "2031"]
[BlackElo "2019"]
[Annotator "egis"]
[PlyCount "68"]
[EventDate "2014.10.04"]
[EventType "swiss"]
[EventRounds "5"]
[EventCountry "CAN"]

1. e4 e5 2. Nf3 Nf6 3. Nxe5 d6 4. Nf3 Nxe4 5. Nc3 Nxc3 6. dxc3 Be7 7. Be3 Nc6
8. Qd2 Be6 9. O-O-O Qd7 10. Kb1 O-O 11. h4 Rad8 12. Ng5 Ne5 13. Bd4 c5 14. Bxe5
dxe5 15. Bd3 Bxg5 16. Bxh7+ Kxh7 17. hxg5+ Kg8 18. Qe2 Qa4 19. b3 Qg4 20. f3
Qxg5 21. g4 Rxd1+ 22. Qxd1 Rd8 23. Qg1 b6 24. Qh2 Kf8 25. Qe2 Kg8 26. Qh2 Qh6
27. Qg2 Rd2 28. Qf1 Qg6 29. Qc1 Rf2 30. Qd1 Qg5 31. Qd3 g6 32. Qd6 Rd2 33. Qc6
Qd8 34. Kb2 Bd5 0-1

[Event "North American-ch U20"]
[Site "Kitchener CAN"]
[Date "2014.08.01"]
[Round "3.7"]
[White "Song, Edward"]
[Black "Plotkin, Mark"]
[Result "1-0"]
[WhiteElo "2258"]
[BlackElo "2036"]
[PlyCount "57"]
[EventDate "2014.07.31"]
[EventType "swiss"]
[EventRounds "9"]
[EventCountry "CAN"]

1. Nf3 Nf6 2. c4 g6 3. Nc3 d5 4. cxd5 Nxd5 5. g3 Bg7 6. Bg2 O-O 7. O-O Nb6 8.
d3 Nc6 9. Be3 Nb4 10. Qd2 N4d5 11. Bh6 c6 12. Bxg7 Kxg7 13. e4 Nf6 14. d4 Be6
15. Rfe1 h6 16. Rad1 Qc8 17. Ne5 Bh3 18. Bh1 Qe6 19. Nd3 Qc4 20. Nc5 Rab8 21.
a3 e5 22. dxe5 Ng4 23. Nd3 Rbd8 24. Qe2 g5 25. Bg2 Bxg2 26. Kxg2 Qe6 27. f4
gxf4 28. Nxf4 Qc8 29. e6 1-0

[Event "North American-ch U20"]
[Site "Kitchener CAN"]
[Date "2014.08.01"]
[Round "4.13"]
[White "Plotkin, Mark"]
[Black "Liang, Hairan"]
[Result "1-0"]
[WhiteElo "2036"]
[BlackElo "1808"]
[PlyCount "57"]
[EventDate "2014.07.31"]
[EventType "swiss"]
[EventRounds "9"]
[EventCountry "CAN"]

1. e4 c5 2. c3 d5 3. exd5 Qxd5 4. d4 cxd4 5. cxd4 Nc6 6. Nf3 e6 7. Nc3 Bb4 8.
Bd3 b6 9. O-O Bxc3 10. bxc3 Nge7 11. c4 Qd6 12. Bb2 Bb7 13. Re1 O-O-O 14. Qa4
Kb8 15. c5 Qc7 16. cxb6 axb6 17. Rec1 f6 18. Bb5 Rc8 19. Ba3 Nd5 20. Rab1 Qd7
21. Nd2 h5 22. Nc4 Rc7 23. Bd6 Rhc8 24. Rb3 Qxd6 25. Nxd6 Nxd4 26. Rxc7 Rxc7
27. Qxd4 Rc1+ 28. Bf1 Ba6 29. Rxb6+ 1-0

[Event "North American-ch U20"]
[Site "Kitchener CAN"]
[Date "2014.08.02"]
[Round "5.8"]
[White "Calugar, Arthur"]
[Black "Plotkin, Mark"]
[Result "0-1"]
[WhiteElo "2295"]
[BlackElo "2036"]
[PlyCount "86"]
[EventDate "2014.07.31"]
[EventType "swiss"]
[EventRounds "9"]
[EventCountry "CAN"]

1. e4 c5 2. Nf3 e6 3. d4 cxd4 4. Nxd4 Nf6 5. Bd3 Nc6 6. Nxc6 bxc6 7. O-O d5 8.
e5 Nd7 9. f4 Ba6 10. Nc3 Be7 11. b3 O-O 12. Bxh7+ Kxh7 13. Qh5+ Kg8 14. Rf3 f5
15. Rh3 Bc5+ 16. Kh1 Nb6 17. Qh7+ Kf7 18. Rh6 Qd7 19. Be3 Bxe3 20. Rf6+ Ke8 21.
Qg6+ Rf7 22. Rxe6+ Kf8 23. Rxc6 Qe8 24. Rd6 Bc5 25. Nxd5 Bxd6 26. Qxd6+ Kg8 27.
Nc7 Qd7 28. Nxa6 Qxd6 29. exd6 Rd8 30. c4 Nxc4 31. bxc4 Rxd6 32. Nb4 Rc7 33.
Nd5 Rxc4 34. Ne3 Rxf4 35. h3 Rf2 36. Rc1 Rdd2 37. g3 Rxa2 38. Kg1 Rfe2 39. Nxf5
Rg2+ 40. Kh1 Rh2+ 41. Kg1 Rag2+ 42. Kf1 Rh1+ 43. Kxg2 Rxc1 0-1

[Event "North American-ch U20"]
[Site "Kitchener CAN"]
[Date "2014.08.02"]
[Round "6.5"]
[White "Sapozhnikov, Roman"]
[Black "Plotkin, Mark"]
[Result "1-0"]
[WhiteElo "2299"]
[BlackElo "2036"]
[PlyCount "93"]
[EventDate "2014.07.31"]
[EventType "swiss"]
[EventRounds "9"]
[EventCountry "CAN"]

1. e4 c5 2. Nf3 e6 3. d4 cxd4 4. Nxd4 Nf6 5. Nc3 Bb4 6. e5 Nd5 7. Qg4 O-O 8.
Bh6 g6 9. Bxf8 Qxf8 10. Nde2 Qc5 11. Qg3 Nc6 12. O-O-O Nxc3 13. Nxc3 Bxc3 14.
Qxc3 Qxc3 15. bxc3 Nxe5 16. Be2 Kf8 17. f4 Nc6 18. g4 Ke7 19. h4 d6 20. h5 e5
21. hxg6 hxg6 22. Rh8 Bxg4 23. Rxa8 Bxe2 24. Re1 Bc4 25. a3 Be6 26. Rf1 f5 27.
Kd2 exf4 28. Rxf4 g5 29. Rf1 f4 30. Rh8 Ne5 31. Rh6 Bc4 32. Re1 g4 33. Re4 f3
34. Ke3 Bd5 35. Rd4 Be6 36. Kf2 d5 37. Rh7+ Kd6 38. Rxb7 Bf5 39. Rxa7 Nc6 40.
Ra6 Bc8 41. Ra8 Bf5 42. Rda4 Ne5 43. Rd4 Nc6 44. Rda4 Ne5 45. Rd8+ Nd7 46. Rd4
Ke6 47. Rxd7 1-0

[Event "North American-ch U20"]
[Site "Kitchener CAN"]
[Date "2014.08.03"]
[Round "7.9"]
[White "Plotkin, Mark"]
[Black "Cao, Jason"]
[Result "0-1"]
[WhiteElo "2036"]
[BlackElo "2177"]
[PlyCount "61"]
[EventDate "2014.07.31"]
[EventType "swiss"]
[EventRounds "9"]
[EventCountry "CAN"]

1. d4 Nf6 2. Nf3 e6 3. Nbd2 c5 4. e3 b6 5. Bd3 Bb7 6. b3 Be7 7. Bb2 O-O 8. g4
d5 9. Ng5 c4 10. Be2 Nxg4 11. Bxg4 Bxg5 12. Nf3 Be7 13. Rg1 cxb3 14. axb3 Nd7
15. Ne5 f5 16. Bh5 Nxe5 17. dxe5 a5 18. Qf3 Qc7 19. Rc1 Rfc8 20. Qh3 a4 21.
Bf7+ Kxf7 22. Qxh7 Bf8 23. Rg6 axb3 24. h4 Qd7 25. h5 Ke8 26. Qg8 Rc6 27. h6
gxh6 28. Rf6 Qg7 29. Rxe6+ Kd8 30. Rd1 Qxg8 31. Rxd5+ 0-1

[Event "North American-ch U20"]
[Site "Kitchener CAN"]
[Date "2014.08.03"]
[Round "8.13"]
[White "Plotkin, Mark"]
[Black "Zotkin, Daniel"]
[Result "1-0"]
[WhiteElo "2036"]
[BlackElo "1778"]
[PlyCount "41"]
[EventDate "2014.07.31"]
[EventType "swiss"]
[EventRounds "9"]
[EventCountry "CAN"]

1. e4 c5 2. c3 d5 3. exd5 Qxd5 4. d4 Bf5 5. Nf3 Nf6 6. Be2 e6 7. O-O Nc6 8. Na3
cxd4 9. Nb5 O-O-O 10. cxd4 a6 11. Nc3 Qd6 12. Be3 h6 13. Rc1 g5 14. Qa4 Kb8 15.
Bxa6 bxa6 16. Ne5 Nxe5 17. dxe5 Qxe5 18. Qxa6 Rd7 19. Qb6+ Ka8 20. Nb5 Nd5 21.
Rc8+ 1-0

[Event "North American-ch U20"]
[Site "Kitchener CAN"]
[Date "2014.08.04"]
[Round "9.8"]
[White "Ivanov, Mike"]
[Black "Plotkin, Mark"]
[Result "1-0"]
[WhiteElo "2137"]
[BlackElo "2036"]
[PlyCount "120"]
[EventDate "2014.07.31"]
[EventType "swiss"]
[EventRounds "9"]
[EventCountry "CAN"]

1. e4 e5 2. Nc3 Nc6 3. Nf3 Nf6 4. g3 d5 5. exd5 Nxd5 6. Bg2 Be6 7. O-O Qd7 8.
Nxd5 Bxd5 9. Re1 f6 10. d4 e4 11. Nd2 Nxd4 12. Nxe4 Be6 13. c3 Nc6 14. Qh5+ Kd8
15. Nc5 Bxc5 16. Qxc5 Ne5 17. Bf4 Nd3 18. Qxc7+ Qxc7 19. Bxc7+ Kxc7 20. Rxe6
Rhe8 21. Rxe8 Rxe8 22. Bf3 b6 23. b3 f5 24. Rd1 Ne5 25. Be2 g5 26. Rd4 Nc6 27.
Rd2 Ne5 28. Kf1 f4 29. gxf4 gxf4 30. Rd4 f3 31. Bd1 Rf8 32. Rh4 Rd8 33. Rd4 Rf8
34. Bc2 Rf6 35. Rh4 h6 36. Ke1 Kd6 37. Kd2 h5 38. h3 Rh6 39. Ke3 Nf7 40. Kxf3
Ng5+ 41. Kf4 Ne6+ 42. Kg3 Rh8 43. Kf3 Ng5+ 44. Ke3 Re8+ 45. Be4 Re5 46. f3 Ne6
47. f4 Ra5 48. a4 Ng7 49. Bc2 Rc5 50. c4 Ke6 51. Kf2 Kf6 52. f5 Kg5 53. Rd4
Nxf5 54. Rd7 a5 55. Be4 Kf4 56. Bxf5 Kxf5 57. Rd5+ Kf4 58. Rd6 b5 59. axb5 a4
60. b6 axb3 1-0

[Event "CAN-op U2400"]
[Site "Montreal CAN"]
[Date "2014.07.20"]
[Round "2"]
[White "Plotkin, Mark"]
[Black "Ivanov, Mike"]
[Result "0-1"]
[WhiteElo "2036"]
[BlackElo "2137"]
[PlyCount "121"]
[EventDate "2014.07.19"]
[EventType "swiss"]
[EventRounds "9"]
[EventCountry "CAN"]

1. e4 d5 2. exd5 Nf6 3. d4 Nxd5 4. Nf3 g6 5. Be2 Bg7 6. O-O O-O 7. Nbd2 Nf4 8.
Ne4 Nxe2+ 9. Qxe2 Nc6 10. Be3 Qd5 11. Nc3 Qh5 12. h3 Be6 13. Rad1 Rad8 14. Rd2
Nb4 15. Bg5 Nc6 16. Ne4 Bd5 17. Kh2 Bxe4 18. Qxe4 Nxd4 19. Rxd4 Rxd4 20. Qxe7
Rg4 21. Rd1 Rxg5 22. Qxg5 Qxg5 23. Nxg5 Bxb2 24. f4 h6 25. Ne4 Re8 26. Nc5 b6
27. Na6 Re7 28. Nb4 c5 29. Rd8+ Kg7 30. Nd5 Re2 31. Rd7 Rxc2 32. Rxa7 b5 33.
Nc7 b4 34. Ne8+ Kg8 35. Nd6 Bc1 36. Kg3 c4 37. Ra8+ Kh7 38. Nxf7 b3 39. axb3
cxb3 40. Rb8 Rc3+ 41. Kg4 Ba3 42. Rb7 b2 43. Nd6+ Kg8 44. Rb8+ Kg7 45. Rb7+ Kf8
46. Nb5 b1=Q 47. Rb8+ Kg7 48. Rb7+ Be7 49. Rxe7+ Kf6 50. Nxc3 Qf5+ 51. Kf3 Kxe7
52. Ne2 Qd3+ 53. Kf2 h5 54. Ng1 Qd4+ 55. Kf1 Qxf4+ 56. Nf3 g5 57. Kg1 g4 58.
hxg4 hxg4 59. g3 Qxg3+ 60. Kf1 Qxf3+ 61. Kg1 0-1

[Event "CAN-op U2400"]
[Site "Montreal CAN"]
[Date "2014.07.20"]
[Round "3"]
[White "Simard, Francois"]
[Black "Plotkin, Mark"]
[Result "0-1"]
[WhiteElo "1750"]
[BlackElo "2036"]
[PlyCount "94"]
[EventDate "2014.07.19"]
[EventType "swiss"]
[EventRounds "9"]
[EventCountry "CAN"]

1. d4 Nf6 2. c4 e6 3. Nc3 d5 4. Bg5 Nbd7 5. Nf3 c6 6. e3 Qa5 7. Qc2 Ne4 8. Bf4
Bb4 9. Rc1 Qxa2 10. Bd3 Nxc3 11. bxc3 Qxc2 12. Rxc2 Be7 13. c5 b6 14. cxb6 axb6
15. Kd2 c5 16. Bb5 f6 17. Bc7 Bd8 18. Bd6 Ra5 19. Rb1 g5 20. dxc5 bxc5 21. Bxc5
Rxb5 22. Rxb5 Ba6 23. Rcb2 Bxb5 24. Rxb5 Nxc5 25. Rxc5 Kd7 26. Nd4 Bc7 27. Nxe6
Bd6 28. Rxd5 Kxe6 29. c4 Ra8 30. e4 Ra2+ 31. Ke3 Rc2 32. h4 gxh4 33. Rh5 Rxc4
34. Rxh7 Bc5+ 35. Kd3 Rd4+ 36. Kc3 Rxe4 37. g3 Bxf2 38. gxh4 Rxh4 39. Rb7 Bc5
40. Rb1 f5 41. Kd3 Kd5 42. Rf1 Rh3+ 43. Ke2 Ke4 44. Kd1 f4 45. Ke2 f3+ 46. Ke1
f2+ 47. Kd1 Rh8 0-1

[Event "CAN-op U2400"]
[Site "Montreal CAN"]
[Date "2014.07.21"]
[Round "4"]
[White "Plotkin, Mark"]
[Black "Gardner, Robert"]
[Result "1-0"]
[WhiteElo "2036"]
[BlackElo "2164"]
[PlyCount "155"]
[EventDate "2014.07.19"]
[EventType "swiss"]
[EventRounds "9"]
[EventCountry "CAN"]

1. e4 d6 2. d4 Nf6 3. Nc3 g6 4. f3 c6 5. a4 Bg7 6. Be3 O-O 7. Qd2 Qc7 8. Nge2
e5 9. Bh6 exd4 10. Nxd4 d5 11. exd5 Bxh6 12. Qxh6 Qe5+ 13. Nde2 Nxd5 14. Nxd5
Qxd5 15. Nc3 Re8+ 16. Be2 Qd4 17. Qd2 Qxd2+ 18. Kxd2 Bf5 19. Bd3 Bxd3 20. Kxd3
Nd7 21. Kc4 Ne5+ 22. Kb3 Rad8 23. Rad1 f5 24. Rxd8 Rxd8 25. Re1 Nd7 26. Re7 h5
27. Kb4 b6 28. Ne2 a5+ 29. Kc3 Nc5 30. b3 b5 31. Re5 Nd7 32. Re6 b4+ 33. Kb2
Kf7 34. Rxc6 Ne5 35. Rc5 Kf6 36. Rxa5 Rd2 37. Nf4 g5 38. Nxh5+ Ke6 39. Ng7+ Kf6
40. Ne8+ Ke6 41. Nc7+ Kd6 42. Kc1 Rxg2 43. Rd5+ Kxc7 44. Rxe5 f4 45. Rb5 g4 46.
fxg4 f3 47. Rf5 f2 48. Kb2 Rxh2 49. g5 Kb6 50. g6 Rg2 51. g7 Rxg7 52. Rf6+ Ka5
53. Rxf2 Rg3 54. Kc1 Rh3 55. Kd2 Rg3 56. Re2 Rh3 57. Re7 Ka6 58. Re3 Rh2+ 59.
Kd3 Ka5 60. Re5+ Ka6 61. Re2 Rh4 62. Re4 Rh3+ 63. Kc4 Rc3+ 64. Kxb4 Rxc2 65.
Re6+ Ka7 66. Kb5 Rh2 67. Re7+ Kb8 68. b4 Rh5+ 69. Kb6 Rh6+ 70. Ka5 Rh5+ 71. b5
Rh6 72. b6 Rh5+ 73. Ka6 Rh8 74. a5 Rg8 75. Re5 Rh8 76. Kb5 Rg8 77. a6 Rh8 78.
a7+ 1-0

[Event "CAN-op U2400"]
[Site "Montreal CAN"]
[Date "2014.07.23"]
[Round "6"]
[White "Plotkin, Mark"]
[Black "Wiebe, Daniel"]
[Result "1-0"]
[WhiteElo "2036"]
[BlackElo "1874"]
[PlyCount "93"]
[EventDate "2014.07.19"]
[EventType "swiss"]
[EventRounds "9"]
[EventCountry "CAN"]

1. e4 c5 2. c3 Nf6 3. e5 Nd5 4. d4 cxd4 5. Nf3 Nc6 6. Bc4 e6 7. cxd4 d6 8. exd6
Bxd6 9. Nc3 Nf4 10. O-O O-O 11. Be3 Na5 12. Bb5 a6 13. Ba4 b5 14. Bc2 Bb7 15.
Ne4 Nc4 16. Nfg5 h6 17. Bxf4 Bxf4 18. Nh3 Qh4 19. Qd3 g6 20. Nc5 Bd5 21. b3 Nd2
22. Nxf4 Nxf1 23. Nh3 Nd2 24. Qxd2 Bxg2 25. Kxg2 Qg4+ 26. Kh1 Qf3+ 27. Kg1 Qg4+
28. Kf1 Qxh3+ 29. Ke2 Rfd8 30. Ne4 Rac8 31. Rg1 Qxh2 32. Rg3 Qh5+ 33. Rf3 Kg7
34. Bb1 Qd5 35. Qf4 f5 36. Rh3 fxe4 37. Qxh6+ Kf6 38. Rh4 Ke7 39. Qg7+ Kd6 40.
Bxe4 Rg8 41. Qa7 Qg5 42. Qxa6+ Ke7 43. Rh7+ Kf6 44. Qb7 Qg4+ 45. Ke3 Rce8 46.
Qf7+ Kg5 47. f4+ 1-0

[Event "CAN-op U2400"]
[Site "Montreal CAN"]
[Date "2014.07.24"]
[Round "7"]
[White "Larochelle, Martial"]
[Black "Plotkin, Mark"]
[Result "1/2-1/2"]
[WhiteElo "2133"]
[BlackElo "2036"]
[PlyCount "131"]
[EventDate "2014.07.19"]
[EventType "swiss"]
[EventRounds "9"]
[EventCountry "CAN"]

1. d4 Nf6 2. c4 e6 3. Nc3 d5 4. cxd5 Nxd5 5. e4 Nxc3 6. bxc3 b6 7. Nf3 Bb7 8.
Bd3 Be7 9. O-O O-O 10. Qe2 c5 11. Bb2 Nc6 12. Rad1 cxd4 13. cxd4 Nb4 14. Bc4
Rc8 15. Rc1 Rxc4 16. Qxc4 Ba6 17. Qb3 Bxf1 18. Kxf1 Qa8 19. a3 Nc6 20. Qc2 Na5
21. Qc7 Re8 22. Re1 Qc8 23. Rc1 Qa8 24. Re1 Bf6 25. Ne5 Bxe5 26. Qxe5 Nc4 27.
Qb5 Nxb2 28. Qxb2 Qc6 29. f3 Rc8 30. Rd1 Qc2 31. Qxc2 Rxc2 32. d5 exd5 33. Rxd5
g6 34. Rd7 a5 35. Rb7 Rb2 36. a4 g5 37. e5 Rb4 38. Kf2 Rxa4 39. Rxb6 Rb4 40.
Ra6 Rb5 41. e6 fxe6 42. Rxe6 Kf7 43. Ra6 h5 44. g3 Rb2+ 45. Ke3 Rb3+ 46. Ke4
Rb4+ 47. Kf5 Rb5+ 48. Ke4 h4 49. gxh4 gxh4 50. Kf4 Rb4+ 51. Kg5 a4 52. f4 h3
53. Kg4 Ke7 54. Kxh3 Rxf4 55. Kg3 Rb4 56. h4 Rc4 57. h5 Kf7 58. h6 Kg8 59. Ra7
Kh8 60. Kf3 Rc3+ 61. Ke2 Ra3 62. Kd2 Ra1 63. Kc2 a3 64. Kb3 Rb1+ 65. Ka2 Rb6
66. Kxa3 1/2-1/2